Mintavételi és feldolgozási eljárás az élelmiszer-bakteriológiai gyakorlatban

Zur mikrobiologischen Untersuchung von Lebensmitteln und von m it Lebensmitteln in Verbindung stehenden Oberflächen empfehlen Verfasser die folgenden v Massnahmen: 1. statt des Gebrauchs von einem - m it einem Verdünner benetzten — Tampons die Anwendung von zwei Tamponén auf der gleichen Oberfläche,...

Teljes leírás

Elmentve itt :
Bibliográfiai részletek
Szerzők: Hoch Róbertné
Kelemen Erzsébet
Dokumentumtípus: Cikk
Megjelent: Lapkiadó Vállalat Budapest 1977
Sorozat:Élelmiszervizsgálati közlemények 23 No. 5-6
Kulcsszavak:Élelmiszervizsgálat - mikrobiológia - módszer
Tárgyszavak:
Online Access:http://acta.bibl.u-szeged.hu/80750
LEADER 01576nab a2200253 i 4500
001 acta80750
005 20230829092536.0
008 230829s1977 hu o 0|| hun d
040 |a SZTE Egyetemi Kiadványok Repozitórium  |b hun 
041 |a hun 
041 |a ger 
041 |a rus 
100 1 |a Hoch Róbertné 
245 1 0 |a Mintavételi és feldolgozási eljárás az élelmiszer-bakteriológiai gyakorlatban  |h [elektronikus dokumentum] /  |c  Hoch Róbertné 
260 |a Lapkiadó Vállalat  |b Budapest  |c 1977 
300 |a 262-265 
490 0 |a Élelmiszervizsgálati közlemények  |v 23 No. 5-6 
520 3 |a Zur mikrobiologischen Untersuchung von Lebensmitteln und von m it Lebensmitteln in Verbindung stehenden Oberflächen empfehlen Verfasser die folgenden v Massnahmen: 1. statt des Gebrauchs von einem - m it einem Verdünner benetzten — Tampons die Anwendung von zwei Tamponén auf der gleichen Oberfläche, 2. Anwendung von Polyäthylensäckchen statt eines Pulvergefässes, 3. statt der Verdünnung mit physiologischen Kochsalzlösung die Anwendung eines peptonhaltigen Verdünners und einer Wartezeit von 15 Minuten, und 4. Anwendung eines elektrischen Homogenisators zur Homogensierung. 
650 4 |a Műszaki és technológiai tudományok 
650 4 |a Egyéb műszaki tudományok és technológiák 
650 4 |a Élelmiszer és italfélék 
695 |a Élelmiszervizsgálat - mikrobiológia - módszer 
700 0 1 |a Kelemen Erzsébet  |e aut 
856 4 0 |u http://acta.bibl.u-szeged.hu/80750/1/elelmiszervizsgalati_kozlemenyek_1977_05-06_262-265.pdf  |z Dokumentum-elérés